| 000 | 00466nam a22001457a 4500 | ||
|---|---|---|---|
| 008 | 151009b xxu||||| |||| 00| 0 eng d | ||
| 020 | _a9780805080339 | ||
| 050 | _aSPE PS 3615 .B46 2006 | ||
| 100 |
_aOberbeck, Birkelund E. _d2006 |
||
| 245 |
_aThe Dress maker: _cBirkelund, Oberbeck. |
||
| 260 |
_aNew York: _bHenry Holt and Company, _c2006. |
||
| 300 | _a306p.: | ||
| 650 | _aEnglish Fiction | ||
| 942 |
_2lcc _cSH_L_BOOKS _hSPE PS 3615 .B46 2006 |
||
| 999 |
_c8013 _d8013 |
||